<?xml version="1.0" encoding="UTF-8"?>
<record
    xmlns:xsi="http://www.w3.org/2001/XMLSchema-instance"
    xsi:schemaLocation="http://www.loc.gov/MARC21/slim http://www.loc.gov/standards/marcxml/schema/MARC21slim.xsd"
    xmlns="http://www.loc.gov/MARC21/slim">

  <leader>00956nam a22002057a 4500</leader>
  <controlfield tag="001">86488</controlfield>
  <controlfield tag="003">BD-RjUL</controlfield>
  <controlfield tag="005">20260517112611.0</controlfield>
  <controlfield tag="008">260517s1943    ii ||||| |||| 00| 0 urd d</controlfield>
  <datafield tag="035" ind1=" " ind2=" ">
    <subfield code="a">(BD-RjUL)86488</subfield>
  </datafield>
  <datafield tag="040" ind1=" " ind2=" ">
    <subfield code="a">BD-RjUL</subfield>
    <subfield code="b">eng</subfield>
    <subfield code="c">BD-RjUL</subfield>
  </datafield>
  <datafield tag="041" ind1=" " ind2=" ">
    <subfield code="a">urd</subfield>
  </datafield>
  <datafield tag="082" ind1=" " ind2=" ">
    <subfield code="2">23</subfield>
    <subfield code="a">891.43915</subfield>
    <subfield code="b">MUK 1943</subfield>
  </datafield>
  <datafield tag="100" ind1=" " ind2=" ">
    <subfield code="a">&#x645;&#x648;&#x6C1;&#x627;&#x646;&#x649;  &#x62D;&#x633;&#x631;&#x62A; &#x60C; Muh&#x101;n&#x12B;, &#x1E24;asrat</subfield>
    <subfield code="d"> 1875-1951</subfield>
    <subfield code="9">18497</subfield>
  </datafield>
  <datafield tag="245" ind1=" " ind2=" ">
    <subfield code="a">&#x6A9;&#x644;&#x6CC;&#x627;&#x62A; &#x62D;&#x633;&#x631;&#x62A; &#x645;&#x648;&#x6C1;&#x627;&#x646;&#x6CC; &#x645;&#x648;&#x644;&#x627;&#x646;&#x627; &#x641;&#x636;&#x644; &#x627;&#x644;&#x62D;&#x633;&#x646; &#x62D;&#x633;&#x631;&#x62A; &#x645;&#x648;&#x6C1;&#x627;&#x646;&#x6CC; &#x6A9;&#x6D2; &#x645;&#x6A9;&#x645;&#x644; &#x62A;&#x6CC;&#x631;&#x6C1; &#x62F;&#x6CC;&#x648;&#x627;&#x646; &#x645;&#x639; &#x62D;&#x627;&#x644;&#x627;&#x62A; &#x648; &#x62A;&#x628;&#x635;&#x631;&#x6C1; / Kulliy&#x101;t-i &#x1E24;asrat Moh&#x101;n&#x12B; Maul&#x101;n&#x101; Faz&#x324;l-al-&#x1E24;asan &#x1E24;asrat Moh&#x101;n&#x12B; ke mukammal terah d&#x12B;v&#x101;n ma&#x2BF; &#x1E25;&#x101;l&#x101;t va tab&#x1E63;irah  /&#x644;&#x64A;&#x627;&#x62A;&#x650; &#x62D;&#x633;&#x631;&#x62A; / Kull&#x12B;y&#x101;t-i &#x1E24;asrat /</subfield>
    <subfield code="c">&#x645;&#x648;&#x644;&#x627;&#x646;&#x627; &#x62D;&#x633;&#x631;&#x62A; &#x645;&#x648;&#x6C1;&#x627;&#x646;&#x649; ,&#x60C;, Maul&#x101;n&#x101; &#x1E24;asrat Muh&#x101;n&#x12B;</subfield>
  </datafield>
  <datafield tag="264" ind1=" " ind2=" ">
    <subfield code="a">Hydrabad : </subfield>
    <subfield code="b">Intejamy press, 1</subfield>
    <subfield code="c">1943</subfield>
  </datafield>
  <datafield tag="300" ind1=" " ind2=" ">
    <subfield code="a">312 p. ;</subfield>
    <subfield code="c">17 cm</subfield>
  </datafield>
  <datafield tag="650" ind1=" " ind2=" ">
    <subfield code="a">Urdu poetry</subfield>
    <subfield code="v">collection</subfield>
    <subfield code="9">18498</subfield>
  </datafield>
  <datafield tag="942" ind1=" " ind2=" ">
    <subfield code="2">ddc</subfield>
    <subfield code="c">BK</subfield>
  </datafield>
  <datafield tag="999" ind1=" " ind2=" ">
    <subfield code="c">86488</subfield>
    <subfield code="d">86488</subfield>
  </datafield>
  <datafield tag="952" ind1=" " ind2=" ">
    <subfield code="0">0</subfield>
    <subfield code="1">0</subfield>
    <subfield code="2">ddc</subfield>
    <subfield code="4">0</subfield>
    <subfield code="7">1</subfield>
    <subfield code="8">NFIC</subfield>
    <subfield code="a">RUCL</subfield>
    <subfield code="b">RUCL</subfield>
    <subfield code="c">Reading</subfield>
    <subfield code="d">2026-05-17</subfield>
    <subfield code="l">0</subfield>
    <subfield code="o">U 891.43908 MUK 1943</subfield>
    <subfield code="r">2026-05-17 11:23:52</subfield>
    <subfield code="t">C-1</subfield>
    <subfield code="w">2026-05-17</subfield>
    <subfield code="y">BK</subfield>
  </datafield>
</record>
